000 00580nam a2200229Ia 4500
001 42207
005 20240114003455.0
007 ta
008 080611s g b000 u 903 u
020 _cHB
040 _aCotton College,Assam
041 _a903
082 _a945
_bSi 83 It
100 _aSismondl, J.C.L. De .
245 0 _aA History of Italian Republics /
_cJ.C.L. De Sismondl.
_hTextual Documents
300 _a378p ;
_c18 cm.
653 _aItalian History
653 _aT/G-History
942 _2ddc
_cBK
999 _c42173
_d42173